000 01173nam a2200217 i 4500
001 160739
003 ES-MaACL
005 20250701063152.0
008 981002s1876 sp af |||| |dspa d
040 _aCLM
_bspa
_cCCPB | 3D
100 1 _aNombela, Julio,
_d1836-1919
_985930
245 1 0 _aDetrás de las trincheras
_b: páginas íntimas de la guerra y la paz desde 1868 hasta 1876 /
_cJulio Nombela.
250 _a2ª ed.
260 _aMadrid :
_b[s.n.],
_c1876 (
_fImp. de Manuel G. Hernández)
300 _a559 p., [10] h. de lám. ;
_c23 cm.
599 _aLas h. de grab. lit: "Litª. de M. de Hernández", sobre personajes ilustres de la época : Cánovas del Castillo, Martínez Campos, General Moriones, Indalecio Caso, el autor etc ...
651 4 _aEspaña-
_xHistoria-
_y1833-1876, Guerras carlistas.
_98253
852 _aES-MaACL
_jB-1899
_z-- Enc. hol. conservando la cub. original
_q-- Falto de [4] h. de lám.
_x-- Edic.: Los ed. constan en la cub. original: Madrid : Librería de Donato Guio; Bayona : Librería de P. Cazals
856 _uhttp://www.archive.org/details/detrasdelastrin00nombgoog
_zIr a la página
999 _c160739
_d160739